000 01988nmm a22004577a 4500
003 CHAP
005 20240604134939.0
007 co ag |||aaaaa
008 000412s1998 bl 00010 por d
010 _a80811
011 _a81783
035 _a92263
040 _cCHAP
041 _apor
090 _aCD-6
110 1 _aEmpresa Brasileira de Pesquisa Agropecuaria
245 1 0 _aBases de dados da pesquisa agropecuária (disco compacto)
_h[disco compacto]
_c/por Empresa Brasileira de Pesquisa Agropecuária
264 1 _aBrasilia :
_bEmpresa Brasileira de Pesquisa Agropecuaria,
_c1998-
300 _a1 disco compacto (CD):
_c4 3/4 pulgadas (12 cm.)
336 _2rdacontent
_aprograma computadora
_bcop
337 _2rdamedia
_aordenador
_bc
338 _2rdacarrier
_adisco de computadora
_bcd
500 _aLa biblioteca tiene: 1997, 1998, 1999 (v.1 y v.2), 2000 (v.1 y v.2)
516 _aDatos numéricos, programa de computadora
538 _aPara comenzar a instalar el software, inserte el CD-ROM en el lector de CD y ejecute el comando de instalación. Una vez que se complete el proceso, se creará un grupo SIR con su propio ícono para ejecutar el software. Para iniciar la operación, haga clic en el icono de señor.
546 _aTexto en portugués.
590 _aBATCH-UPD
_b10
_c20130110
590 _aBATCH-UPD
_b10
_c20130410
590 _aBATCH-UPD
_b10
_c20130913
590 _aCONVERSION
_b10
_c20130109
650 1 4 _aAgricultura
_xBrasil.
_91342
650 1 4 _aAgricultura
_xInvestigación
_xBibliografía.
_91588
650 1 4 _aProductos pecuarios
_xBibliografía.
_992161
650 1 4 _aProductos pecuarios
_xBrasil.
_992162
905 _aLilia Sánchez G.
942 _cCD
_2local
949 _aCD-6 (1997)
_bBC
_cCD
_d33724000778460
_eCD
_i92263
_sb
949 _aCD-6 (1998)
_bBC
_cCD
_d33724000778452
_eCD
_i92263
_sb
949 _aCD-6 (1999 v.1)
_bBC
_cCD
_d33724000772109
_eCD
_i92263
_sb
949 _aCD-6 (2000)
_bBC
_cCD
_d33724000786018
_eCD
_i92263
_sb
999 _c80811
_d80811